| 000 | 00727nam a2200217 a 4500 | ||
|---|---|---|---|
| 005 | 20251128063952.0 | ||
| 008 | 020912s1996 mx r 000 0 spa d | ||
| 020 | _a847133660X | ||
| 035 | _aUPN01000119119 | ||
| 049 | _aCG | ||
| 050 | 4 |
_aLC93 F8 _bL3.68 |
|
| 245 | 0 | 3 |
_aEl pilotaje de los sistemas educativos / _cGilbert de Landsheere; tr. F. López Rupérez. |
| 260 |
_aMadrid : _bLa muralla, _c1996. |
||
| 300 |
_a205 p. : _bgrafs. |
||
| 440 | 0 | _aAula abierta | |
| 534 |
_pTraducción del francés : _tLe pilotage des systémes d'education |
||
| 650 | 4 |
_aEducación y Estado _zFrancia _917998 |
|
| 650 | 4 |
_aEVALUACION EDUCATIVA - _zFRANCIA |
|
| 700 | 1 |
_aLandsheere, Gilbert de, _d1921-2001 _ecoaut. _928940 |
|
| 905 | _aLibro | ||
| 999 |
_c91477 _d91477 |
||